000 00461nam a2200193Ia 4500
005 20240823030802.0
008 240823s9999||||xx |||||||||||||| ||und||
020 _a978-81-8489-411-0
041 _aENGLISH
082 _A620.5 Q0
100 _aKawata S Eds. & et al.
245 0 _aNano-Optics
250 _a1st
260 _c2010
_bSpringer International Ed
500 _aYES
650 _aNano-Optics
_bNano Technology
942 _cBK
999 _c189520
_d189520